[Event "Quebec Ch"]
[Site "Quebec CAN"]
[Date "1987.??.??"]
[Round "3"]
[White "Levtchouk, George"]
[Black "Barbeau, Sylvain"]
[Result "0-1"]
[WhiteElo "2310"]
[BlackElo "2330"]
[PlyCount "92"]
[EventDate "1987.??.??"]
[Source "www.chesslib.no"]
[SourceDate "2004.05.04"]

1. d4 Nf6 2. c4 g6 3. Nc3 d5 4. Nf3 Bg7 5. Qb3 dxc4 6. Qxc4 O-O 7. e4 Nc6 8. h3 Nd7 9. d5 Nce5 10. Nxe5 Nxe5 11. Qb3 e6 12. Be2 exd5 13. exd5 c6 14. Be3 cxd5 15. Qxd5 Be6 16. Qxd8 Rfxd8 17. Rd1 Nc4 18. Bxc4 Bxc4 19. f3 Rxd1+ 20. Kxd1 b5 21. a3 a5 22. Kc2 b4 23. Na4 Re8 24. Re1 bxa3 25. bxa3 Bf1 26. g4 Bxh3 27. Bd2 Rc8+ 28. Kd3 Bg2 29. f4 Bc6 30. Nc3 Bd7 31. Nd5 Bb5+ 32. Ke3 Rd8 33. Ne7+ Kf8 34. Bxa5 Rd3+ 35. Kf2 Bf6 36. Rb1 Bh4+ 37. Kg1 Ba4 38. Nc8 Rg3+ 39. Kh2 Rxg4 40. Bc7 Bd7 41. Nb6 Bg3+ 42. Kg2 Bc6+ 43. Kh3 h5 44. a4 Bf2 45. Bd8 Rxf4 46. a5 f6 0-1

[Event "Essent op"]
[Site "Hoogeveen"]
[Date "2002.10.15"]
[Round "5"]
[White "Vanderstricht, Geert"]
[Black "Van Kooten, Luuk"]
[Result "1-0"]
[WhiteElo "2403"]
[BlackElo "2236"]
[PlyCount "49"]
[EventDate "2002.10.11"]
[Source "ChessBase"]
[SourceDate "2002.11.06"]

1. d4 Nf6 2. c4 g6 3. Nc3 d5 4. Nf3 Bg7 5. Qb3 dxc4 6. Qxc4 O-O 7. e4 Nc6 8. Be2 Nd7 9. Be3 Nb6 10. Qc5 Nd7 11. Qa3 e5 12. dxe5 Ncxe5 13. Nxe5 Bxe5 14. O-O-O c6 15. f4 Bf6 16. Bc5 Re8 17. e5 Be7 18. Bd6 Bxd6 19. Rxd6 Qe7 20. Ne4 f5 21. Bc4+ Kh8 22. Ng5 Nb6 23. Bf7 Rf8 24. e6 Nd5 25. Rxd5 1-0

[Event "Bielsko Biala Open"]
[Site "Bielsko Biala"]
[Date "1990.??.??"]
[Round "9"]
[White "Kuzmak, Taras"]
[Black "Staniszewski, Piotr"]
[Result "0-1"]
[WhiteElo "2225"]
[BlackElo "2410"]
[PlyCount "52"]
[EventDate "1990.??.??"]
[Source "www.chesslib.no"]
[SourceDate "2004.05.04"]

1. d4 Nf6 2. Nf3 g6 3. c4 Bg7 4. Nc3 d5 5. Qb3 dxc4 6. Qxc4 O-O 7. e4 Nc6 8. d5 Na5 9. Qd3 c6 10. Bg5 cxd5 11. exd5 Bf5 12. Qd2 Rc8 13. Bxf6 Bxf6 14. Nd4 Bd7 15. Ne4 Bg7 16. b3 Bf5 17. Nc3 Rxc3 18. Qxc3 Qxd5 19. Rd1 Nc6 20. Bc4 Bxd4 21. Bxd5 Bxc3+ 22. Ke2 Rc8 23. h4 h5 24. Ke3 b5 25. Be4 Be6 26. Bd5 Bd4+ 0-1

[Event "Southern California-ch"]
[Site "Los Angeles"]
[Date "2001.07.21"]
[Round "7"]
[White "Peters, John A"]
[Black "Hermansen, Ron"]
[Result "1-0"]
[WhiteElo "2462"]
[BlackElo "2165"]
[PlyCount "43"]
[EventDate "2001.07.14"]
[Source "ChessBase"]
[SourceDate "2001.09.11"]

1. d4 Nf6 2. c4 g6 3. Nc3 d5 4. Nf3 Bg7 5. Qb3 dxc4 6. Qxc4 O-O 7. e4 Nc6 8. h3 Nd7 9. Be3 e5 10. d5 Ne7 11. O-O-O a6 12. h4 Nb6 13. Qb3 Bg4 14. Be2 Bxf3 15. Bxf3 Nbc8 16. h5 Nd6 17. hxg6 hxg6 18. Be2 f5 19. Bg5 Bf6 20. Bxf6 Rxf6 21. f4 Rf8 22. fxe5 1-0

[Event "Son Dameto (2eme tournoi de maitres)"]
[Site "?"]
[Date "2003.12.27"]
[Round "1.2"]
[White "Mascaro March Pedro"]
[Black "Pont Mulet Antonio"]
[Result "1/2-1/2"]
[WhiteElo "2360"]
[BlackElo "2262"]
[PlyCount "80"]
[EventDate "2003.??.??"]
[Source "www.chesslib.no"]
[SourceDate "2004.05.04"]

1. d4 Nf6 2. c4 g6 3. Nc3 d5 4. Nf3 Bg7 5. Qb3 dxc4 6. Qxc4 O-O 7. e4 Nc6 8. Be2 Nd7 9. d5 Nce5 10. Nxe5 Bxe5 11. Bh6 Re8 12. f4 Nb6 13. Qb3 e6 14. O-O Bh8 15. a4 exd5 16. exd5 Nxd5 17. Nxd5 Rxe2 18. f5 Re5 19. Rad1 Bxf5 20. Bf4 Bc2 21. Qxb7 Bxd1 22. Rxd1 Re8 23. Bxc7 Qh4 24. Bg3 Qxa4 25. Rf1 Qd4+ 26. Kh1 f5 27. Qb3 Bg7 28. Rd1 Qc5 29. Nc7+ Kh8 30. Nxa8 Rxa8 31. h3 Qb6 32. Qd5 Rf8 33. b3 f4 34. Bh4 f3 35. gxf3 Qe3 36. Kg2 Bc3 37. Bf2 Qf4 38. Bd4+ Bxd4 39. Qxd4+ Qxd4 40. Rxd4 Rb8 1/2-1/2

[Event "Curitiba"]
[Site "Curitiba"]
[Date "1999.05.18"]
[Round "4"]
[White "Miranda, Marcio MC"]
[Black "Tsuboi, Edson Kenji"]
[Result "0-1"]
[WhiteElo "2285"]
[BlackElo "2330"]
[PlyCount "98"]
[EventDate "1999.05.??"]
[Source "ChessBase"]
[SourceDate "1999.07.10"]

1. d4 Nf6 2. c4 g6 3. Nc3 d5 4. Nf3 Bg7 5. Qb3 dxc4 6. Qxc4 O-O 7. e4 Nc6 8. e5 Nd7 9. Be3 Nb6 10. Qc5 a5 11. a3 a4 12. Bb5 Ra5 13. Rd1 Bg4 14. h3 Bxf3 15. gxf3 e6 16. f4 Na7 17. Qb4 Rxb5 18. Nxb5 Qd5 19. Nxa7 Qxh1+ 20. Ke2 Qxh3 21. Nb5 Qg4+ 22. Ke1 Nd5 23. Qxa4 h5 24. Qc2 Bh6 25. Qe2 Qg2 26. Nc3 Nxc3 27. bxc3 Ra8 28. Bc1 c5 29. Qd3 cxd4 30. cxd4 Rc8 31. Be3 Bf8 32. Ke2 Qd5 33. Rg1 Kh7 34. Rc1 Rxc1 35. Bxc1 Be7 36. Qf3 Qc4+ 37. Kd1 Qxd4+ 38. Kc2 Qc4+ 39. Kb1 b5 40. Bb2 Qd5 41. Qg3 h4 42. Qh2 Qf3 43. Ka2 h3 44. f5 Qd5+ 45. Ka1 Qg2 46. fxg6+ fxg6 47. Qf4 Qg5 48. Qf7+ Kh6 49. Kb1 Qf5+ 0-1

[Event "II ch-BRA Semi-Final, Rio de Janeiro BR"]
[Site "?"]
[Date "2000.??.??"]
[Round "?"]
[White "Loureiro, L."]
[Black "Rios Filho, H."]
[Result "1-0"]
[WhiteElo "2335"]
[BlackElo "2275"]
[PlyCount "51"]
[EventDate "2000.??.??"]
[Source "www.chesslib.no"]
[SourceDate "2004.05.04"]

1. d4 Nf6 2. c4 g6 3. Nc3 d5 4. Nf3 Bg7 5. Qb3 dxc4 6. Qxc4 O-O 7. e4 Nc6 8. Be3 Ng4 9. O-O-O Nxe3 10. fxe3 Bd7 11. e5 e6 12. h4 a6 13. Kb1 Re8 14. g4 Na5 15. Qe2 Bc6 16. Bg2 b5 17. Nd2 Bxg2 18. Qxg2 f6 19. exf6 Bxf6 20. Nce4 Be7 21. g5 Rf8 22. h5 Kf7 23. hxg6+ hxg6 24. Rdf1+ Ke8 25. Rxf8+ Bxf8 26. Rh7 1-0

[Event "Bayern"]
[Site "?"]
[Date "1997.??.??"]
[Round "?"]
[White "Lang Zalan_Andreas"]
[Black "Lechyinsky Jiri"]
[Result "1/2-1/2"]
[WhiteElo "2170"]
[BlackElo "2425"]
[PlyCount "68"]
[EventDate "1997.??.??"]
[Source "www.chesslib.no"]
[SourceDate "2004.05.04"]

1. d4 Nf6 2. c4 g6 3. Nc3 d5 4. Nf3 Bg7 5. Qb3 dxc4 6. Qxc4 O-O 7. e4 Nc6 8. Be2 e5 9. d5 Nd4 10. Nxd4 exd4 11. Qxd4 c6 12. Qd1 Re8 13. O-O Nxe4 14. Nxe4 Rxe4 15. dxc6 Rd4 16. Qb3 bxc6 17. Bc4 Qc7 18. Re1 Bf5 19. Bg5 Be5 20. Bxf7+ Kg7 21. f4 Qxf7 22. Qxf7+ Kxf7 23. fxe5 Ke6 24. Re2 c5 25. b3 a5 26. Rc1 Rd5 27. Bf4 a4 28. Be3 axb3 29. axb3 Rb8 30. Rxc5 Rxc5 31. Bxc5 Rxb3 32. Bd6 Rb1+ 33. Kf2 Rc1 34. Ra2 Rc2+ 1/2-1/2

[Event "Bucharest Autumn Cup"]
[Site "Bucharest"]
[Date "2002.09.25"]
[Round "1"]
[White "Raceanu, Valentin"]
[Black "Gerard, Nicolas"]
[Result "1-0"]
[WhiteElo "2339"]
[BlackElo "2254"]
[PlyCount "55"]
[EventDate "2002.09.25"]
[Source "ChessBase"]
[SourceDate "2002.11.06"]

1. d4 Nf6 2. c4 g6 3. Nc3 d5 4. Nf3 Bg7 5. Qb3 dxc4 6. Qxc4 O-O 7. e4 Nc6 8. Be3 Ng4 9. Rd1 Nxe3 10. fxe3 e5 11. d5 Ne7 12. Be2 Bg4 13. Nb5 c6 14. dxc6 Qb6 15. cxb7 Qxb7 16. O-O a6 17. Nd6 Qb6 18. Qc3 Rab8 19. Bc4 Be6 20. Bxe6 fxe6 21. Qc4 Rf6 22. Nxe5 Qxe3+ 23. Kh1 Rbf8 24. Rxf6 Rxf6 25. Ng4 Qf4 26. Nxf6+ Qxf6 27. Rf1 Qh4 28. Qxe6+ 1-0

[Event "Montecatini Terme op"]
[Site "Montecatini Terme"]
[Date "2000.??.??"]
[Round "9"]
[White "Tjiam, Dharma"]
[Black "Schaefer, Michael"]
[Result "1-0"]
[WhiteElo "2333"]
[BlackElo "2221"]
[PlyCount "63"]
[EventDate "2000.07.??"]
[Source "www.chesslib.no"]
[SourceDate "2004.05.04"]

1. d4 Nf6 2. c4 g6 3. Nc3 d5 4. Nf3 Bg7 5. Qb3 dxc4 6. Qxc4 O-O 7. e4 Nc6 8. Be2 Nd7 9. Be3 Nb6 10. Qc5 Nd7 11. Qa3 Nb6 12. d5 Ne5 13. Nxe5 Bxe5 14. Rd1 c6 15. dxc6 Qc7 16. f4 Bg7 17. Rc1 bxc6 18. O-O Rd8 19. Qc5 Bb7 20. a4 e6 21. Qg5 Bf8 22. a5 Nd7 23. a6 f6 24. Qh4 Bc8 25. e5 Bg7 26. Rfd1 Re8 27. Nb5 Qd8 28. Rxc6 fxe5 29. Qxd8 Rxd8 30. Nc7 Rb8 31. Bc4 Nf8 32. Rxd8 1-0

[Event "Hoogeveen Essent op"]
[Site "Hoogeveen"]
[Date "2001.10.18"]
[Round "7"]
[White "Wuts, Frank"]
[Black "Van Kooten, Luuk"]
[Result "1-0"]
[WhiteElo "2297"]
[BlackElo "2252"]
[PlyCount "59"]
[EventDate "2001.10.12"]
[Source "ChessBase"]
[SourceDate "2001.10.26"]

1. d4 Nf6 2. c4 g6 3. Nc3 d5 4. Qb3 dxc4 5. Qxc4 Bg7 6. e4 O-O 7. Nf3 Nc6 8. d5 Na5 9. Qd3 c6 10. b4 cxd5 11. e5 Bf5 12. Qb5 Ne4 13. Nxd5 Nc6 14. Bb2 a6 15. Qc4 Qb8 16. g4 Nd6 17. Qf4 Be4 18. Rd1 Bxd5 19. Rxd5 Nc8 20. h4 f6 21. Bc4 Kh8 22. h5 g5 23. Qe4 f5 24. gxf5 e6 25. fxe6 Rf4 26. Qd3 h6 27. Nxg5 hxg5 28. h6 Bf8 29. e7 N8xe7 30. e6+ 1-0

[Event "Ch (Men) Vrnjacka Banja SCG"]
[Site "?"]
[Date "2006.01.30"]
[Round "1"]
[White "Draskovic Dragan"]
[Black "Mitrovic Petar"]
[Result "0-1"]
[WhiteElo "2158"]
[BlackElo "2387"]
[PlyCount "64"]
[EventDate "2006.??.??"]
[Source "www.chesslib.no"]
[SourceDate "2004.05.04"]

1. d4 Nf6 2. c4 g6 3. Nc3 d5 4. Nf3 Bg7 5. Qb3 dxc4 6. Qxc4 O-O 7. e4 Nc6 8. e5 Be6 9. Qc5 Nd7 10. Qa3 Nb6 11. Be3 Nc4 12. Qc5 Nxe3 13. fxe3 Bd7 14. Be2 b6 15. Qa3 a5 16. O-O Nb4 17. Rac1 Rc8 18. Qb3 Bh6 19. Nd1 e6 20. a3 Nd5 21. Rc2 a4 22. Qd3 c5 23. g3 cxd4 24. Rxc8 Qxc8 25. exd4 Qc1 26. Kg2 Rc8 27. Kh3 Qc2 28. Qxc2 Rxc2 29. Bd3 Rc1 30. Kg2 Rxd1 31. Rxd1 Ne3+ 32. Kf2 Nxd1+ 0-1

[Event "Hessenliga 9900"]
[Site "?"]
[Date "2000.04.30"]
[Round "10.1"]
[White "Petri Klaus"]
[Black "Schnitzspan Lothar"]
[Result "0-1"]
[WhiteElo "2192"]
[BlackElo "2324"]
[PlyCount "68"]
[EventDate "2000.??.??"]
[Source "www.chesslib.no"]
[SourceDate "2004.05.04"]

1. d4 Nf6 2. c4 g6 3. Nc3 d5 4. Nf3 Bg7 5. Qb3 dxc4 6. Qxc4 O-O 7. e4 Nc6 8. Be2 Nd7 9. Be3 Nb6 10. Qc5 f5 11. d5 f4 12. Bd4 Nxd4 13. Nxd4 Qd6 14. Nb3 Nd7 15. Qa5 b6 16. Qa4 Ne5 17. Nd2 Bd7 18. Qb3 Kh8 19. Rd1 Qf6 20. Nf3 Nxf3+ 21. Bxf3 Qh4 22. h3 c5 23. Rd2 b5 24. Ne2 g5 25. Qd1 g4 26. g3 fxg3 27. hxg4 gxf2+ 28. Kf1 Qf6 29. Bg2 Bxg4 30. Qc2 Bf3 31. Bxf3 Qxf3 32. Rh4 Qg2+ 33. Kxg2 f1=Q+ 34. Kg3 Be5+ 0-1

[Event "Eastern Class-ch 8th"]
[Site "Woburn"]
[Date "1999.03.06"]
[Round "2"]
[White "Privman, Boris"]
[Black "Winer, Steven"]
[Result "0-1"]
[WhiteElo "2212"]
[BlackElo "2303"]
[PlyCount "144"]
[EventDate "1999.03.??"]
[Source "www.chesslib.no"]
[SourceDate "2004.05.04"]

1. d4 Nf6 2. c4 g6 3. Nf3 Bg7 4. Nc3 d5 5. Qb3 dxc4 6. Qxc4 O-O 7. e4 Nc6 8. h3 Nd7 9. Be3 Nb6 10. Qd3 f5 11. Rd1 fxe4 12. Nxe4 Qd5 13. Nc3 Qa5 14. Qb5 Bf5 15. Bd3 Qxb5 16. Bxb5 Nb4 17. a3 Nc2+ 18. Ke2 c6 19. Bd3 Bxd3+ 20. Kxd3 Nxe3 21. fxe3 Rfe8 22. a4 a5 23. Rb1 e5 24. b4 Nxa4 25. Nxa4 e4+ 26. Ke2 exf3+ 27. Kxf3 axb4 28. Rxb4 Bf8 29. Nc5 b5 30. Rc1 Ra3 31. Re1 Bxc5 32. dxc5 Rc3 33. Rd4 Rxc5 34. g4 Rc3 35. Kf4 c5 36. Rd7 b4 37. Rb7 Rf8+ 38. Ke5 Rf7 39. Rb8+ Kg7 40. h4 Rd3 41. e4 Re7+ 42. Kf4 Rd4 43. h5 Rd2 44. hxg6 hxg6 45. e5 Rd4+ 46. Re4 g5+ 47. Ke3 Rd5 48. Rb6 Rdxe5 49. Rxe5 Rxe5+ 50. Kd3 Kf7 51. Kc4 Re4+ 52. Kxc5 Rxg4 53. Kd5 Rh4 54. Ke5 Rf4 55. Kd5 Rf5+ 56. Ke4 Rf6 57. Rb8 Kg6 58. Ke3 Rf4 59. Rh8 Kf5 60. Rh1 b3 61. Kd3 Rb4 62. Kc3 Rb8 63. Kb2 g4 64. Rf1+ Kg5 65. Rg1 Kf4 66. Rf1+ Kg3 67. Rf7 Kg2 68. Rd7 g3 69. Rd2+ Kh1 70. Rd1+ Kh2 71. Rd7 g2 72. Rh7+ Kg1 0-1

[Event "Open VPTD 2003"]
[Site "?"]
[Date "2003.08.17"]
[Round "7"]
[White "Piceu Tom"]
[Black "Swinkels Robin"]
[Result "0-1"]
[WhiteElo "2344"]
[BlackElo "2171"]
[PlyCount "58"]
[EventDate "2003.??.??"]
[Source "www.chesslib.no"]
[SourceDate "2004.05.04"]

1. d4 Nf6 2. c4 g6 3. Nc3 d5 4. Nf3 Bg7 5. Qb3 dxc4 6. Qxc4 O-O 7. e4 Nc6 8. Be2 Nd7 9. Be3 Nb6 10. Qd3 f5 11. Rd1 Nb4 12. Qd2 fxe4 13. Nxe4 N4d5 14. O-O Bg4 15. h3 Bxf3 16. Bxf3 Nc4 17. Qc1 Ncxe3 18. fxe3 Bh6 19. Rfe1 c6 20. Qc4 e6 21. Nf2 Qh4 22. Re2 Rxf3 23. gxf3 Qg3+ 24. Kf1 Qxf3 25. Rd3 Rf8 26. Ke1 Qg3 27. Qc1 Nxe3 28. Rdxe3 Qg1+ 29. Kd2 Bxe3+ 0-1

[Event "Ch Hungary team"]
[Site "?"]
[Date "2000.??.??"]
[Round "2"]
[White "Mann Gerald"]
[Black "Molnar Laszlo1"]
[Result "1/2-1/2"]
[WhiteElo "2255"]
[BlackElo "2254"]
[PlyCount "22"]
[EventDate "2000.??.??"]
[Source "www.chesslib.no"]
[SourceDate "2004.05.04"]

1. d4 Nf6 2. c4 g6 3. Nc3 d5 4. Nf3 Bg7 5. Qb3 dxc4 6. Qxc4 O-O 7. e4 Nc6 8. d5 Na5 9. Qc5 c6 10. dxc6 Nxc6 11. Be3 Bg4 1/2-1/2

[Event "Nassau-ch"]
[Site "?"]
[Date "2002.11.25"]
[Round "6"]
[White "Shapiro Daniel E"]
[Black "Mirabile Tim"]
[Result "1/2-1/2"]
[WhiteElo "2301"]
[BlackElo "2204"]
[PlyCount "93"]
[EventDate "2002.??.??"]
[Source "www.chesslib.no"]
[SourceDate "2004.05.04"]

1. d4 Nf6 2. c4 g6 3. Nc3 d5 4. Nf3 Bg7 5. Qb3 dxc4 6. Qxc4 O-O 7. e4 Nc6 8. h3 Nd7 9. Be3 Nb6 10. Qc5 f5 11. e5 f4 12. Bd2 Kh8 13. O-O-O a5 14. Bd3 Nb4 15. Bb1 Be6 16. b3 c6 17. Ng5 Bg8 18. Ne2 N6d5 19. Kb2 b6 20. Qc1 c5 21. Nxf4 Nxf4 22. Bxf4 cxd4 23. Nf3 Rc8 24. Qd2 Nc6 25. Rhe1 Bd5 26. Nxd4 Nxd4 27. Qxd4 Bxg2 28. Qe3 Qc7 29. Rc1 Qb7 30. h4 Qf3 31. Qxf3 Bxf3 32. Rxc8 Rxc8 33. Re3 Bd5 34. Bd3 Kg8 35. Re1 Kf7 36. Bg3 Ke6 37. Bf1 Kf7 38. Rd1 Be6 39. Bd3 Rc5 40. Re1 b5 41. h5 Rd5 42. hxg6+ hxg6 43. Re3 Bf5 44. Bxf5 gxf5 45. Kc3 e6 46. a4 Bf8 47. axb5 1/2-1/2

[Event "Oceana zt 3.2b"]
[Site "Gold Coast"]
[Date "2001.04.26"]
[Round "8"]
[White "Stead, Kerry"]
[Black "Feldman, Vladimir"]
[Result "0-1"]
[WhiteElo "2135"]
[BlackElo "2369"]
[PlyCount "64"]
[EventDate "2001.04.22"]
[Source "ChessBase"]
[SourceDate "2001.07.03"]

1. d4 Nf6 2. c4 g6 3. Nc3 d5 4. Nf3 Bg7 5. Qb3 dxc4 6. Qxc4 O-O 7. e4 Nc6 8. e5 Nd7 9. Be3 Nb6 10. Qb3 a5 11. a3 Be6 12. Qc2 a4 13. Bd3 Na5 14. Ng5 Bb3 15. Qe2 Nbc4 16. O-O c5 17. Nf3 cxd4 18. Bxd4 Rc8 19. Rac1 Nc6 20. Nb5 Nxd4 21. Nbxd4 Nxe5 22. Rxc8 Nxf3+ 23. gxf3 Qxc8 24. Nxb3 axb3 25. Bc4 Bxb2 26. a4 Ba3 27. Bxb3 Qh3 28. Rd1 Bd6 29. Rxd6 exd6 30. Bd5 Rc8 31. Qb2 b6 32. f4 Qg4+ 0-1

[Event "Bled op"]
[Site "Bled"]
[Date "1999.03.26"]
[Round "7"]
[White "Osterman, Rudolf"]
[Black "Cehic, Goran"]
[Result "1-0"]
[WhiteElo "2376"]
[BlackElo "2125"]
[PlyCount "83"]
[EventDate "1999.03.20"]
[Source "ChessBase"]
[SourceDate "1999.05.10"]

1. d4 Nf6 2. Nf3 g6 3. c4 Bg7 4. Nc3 d5 5. Qb3 dxc4 6. Qxc4 O-O 7. e4 Nc6 8. Be3 Ng4 9. O-O-O Nxe3 10. fxe3 a6 11. e5 Bh6 12. Re1 Bg4 13. Kb1 Qd7 14. Bd3 Rad8 15. Be4 Na5 16. Qb4 b6 17. h3 Bf5 18. Bxf5 Qxf5+ 19. e4 Qd7 20. Nd5 Rfe8 21. Qc3 Rc8 22. g4 Bg7 23. Rc1 e6 24. Nf6+ Bxf6 25. exf6 c5 26. Qe3 Qd6 27. dxc5 bxc5 28. e5 Qf8 29. h4 Red8 30. h5 Rd7 31. hxg6 fxg6 32. Ng5 Rc6 33. Qc3 Nb7 34. f7+ Rxf7 35. Nxf7 Qxf7 36. Rhf1 Qg7 37. Rcd1 c4 38. g5 Qe7 39. Rf6 Rc7 40. a3 Nd8 41. Qb4 Qxb4 42. Rxd8+ 1-0

[Event "New England Masters"]
[Site "Peabody USA"]
[Date "2007.08.13"]
[Round "1"]
[White "Yanayt, E."]
[Black "Haessel, D."]
[Result "0-1"]
[WhiteElo "2335"]
[BlackElo "2136"]
[PlyCount "36"]
[EventDate "2007.08.13"]
[Source "www.chesslib.no"]
[SourceDate "2004.05.04"]

1. d4 Nf6 2. c4 g6 3. Nc3 d5 4. Nf3 Bg7 5. Qb3 dxc4 6. Qxc4 O-O 7. e4 Nc6 8. d5 Na5 9. Qd3 c6 10. Bg5 cxd5 11. exd5 Bf5 12. Qd2 Rc8 13. Nd4 Ne4 14. Nxf5 Bxc3 15. Qxc3 Nxc3 16. Nxe7+ Kg7 17. Nf5+ gxf5 18. Bxd8 Re8+ 0-1

[Event "Ljubljana op-10"]
[Site "Ljubljana"]
[Date "1999.??.??"]
[Round "7"]
[White "Sitnik, Igor"]
[Black "Sebenik, Matej"]
[Result "1-0"]
[WhiteElo "2310"]
[BlackElo "2155"]
[PlyCount "79"]
[EventDate "1999.06.25"]
[Source "www.chesslib.no"]
[SourceDate "2004.05.04"]

1. d4 Nf6 2. c4 g6 3. Nc3 d5 4. Nf3 Bg7 5. Qb3 dxc4 6. Qxc4 O-O 7. e4 Nc6 8. Be3 Ng4 9. Be2 Nxe3 10. fxe3 e5 11. d5 Na5 12. Qd3 b6 13. O-O Nb7 14. b4 Nd6 15. Nd2 h5 16. Rac1 Bd7 17. b5 Bh6 18. a4 Qg5 19. Nd1 Rac8 20. Nc4 f5 21. Nxd6 cxd6 22. Rxc8 Rxc8 23. exf5 Bxf5 24. e4 Bg4 25. Bxg4 hxg4 26. Qa3 Rc5 27. a5 Qd8 28. Qg3 bxa5 29. Qxg4 Kg7 30. h4 Rxb5 31. h5 Qe8 32. hxg6 Rb7 33. Rf7+ Rxf7 34. gxf7+ Kxf7 35. Qh5+ Ke7 36. Qxh6 Qa4 37. Qe6+ Kf8 38. Qxd6+ Kg8 39. Qb8+ Kg7 40. Qxe5+ 1-0

[Event "14. Open "]
[Site "?"]
[Date "2004.12.22"]
[Round "2.5"]
[White "Monje Peinado Roberto"]
[Black "Jerez Perez Alfonso"]
[Result "0-1"]
[WhiteElo "2027"]
[BlackElo "2434"]
[PlyCount "110"]
[EventDate "2004.??.??"]
[Source "www.chesslib.no"]
[SourceDate "2004.05.04"]

1. d4 Nf6 2. c4 g6 3. Nc3 d5 4. Nf3 Bg7 5. Qb3 dxc4 6. Qxc4 O-O 7. e4 Nc6 8. h3 Nd7 9. Be3 Nb6 10. Qd3 f5 11. Qd2 fxe4 12. Nxe4 Rxf3 13. gxf3 Nxd4 14. Bxd4 Qxd4 15. Qxd4 Bxd4 16. O-O-O e5 17. Bd3 Bf5 18. Bc2 Nd5 19. Bb3 c6 20. Rxd4 exd4 21. Rd1 Kg7 22. Rxd4 Bxh3 23. Bxd5 cxd5 24. Rxd5 Rf8 25. Ng5 Rc8+ 26. Kd2 Bf5 27. Ne4 Rc7 28. Ke3 h5 29. Nd6 Re7+ 30. Kf4 Bd7 31. Ne4 Bc6 32. Rd6 Rf7+ 33. Kg3 Rf5 34. Rd3 Re5 35. Nd6 Kf8 36. f4 Re1 37. f3 a6 38. Nc4 Bb5 39. Rc3 Rg1+ 40. Kh4 Ke7 41. Ne5 Ke6 42. Rc7 g5+ 43. Kxh5 gxf4 44. Ng6 Bc6 45. Nxf4+ Kd6 46. Rf7 Bxf3+ 47. Kh6 Be4 48. Rg7 Rb1 49. b3 Rb2 50. Kg5 Rxa2 51. Kf6 Rf2 52. Kg5 Rb2 53. Nh5 Rxb3 54. Kf4 Bc6 55. Nf6 Rf3+ 0-1

[Event "Politiken Cup"]
[Site "?"]
[Date "2003.07.24"]
[Round "10"]
[White "Harestad Hans Krogh"]
[Black "Paaske Asger"]
[Result "1/2-1/2"]
[WhiteElo "2249"]
[BlackElo "2162"]
[PlyCount "32"]
[EventDate "2003.??.??"]
[Source "www.chesslib.no"]
[SourceDate "2004.05.04"]

1. d4 Nf6 2. c4 g6 3. Nc3 d5 4. Nf3 Bg7 5. Qb3 dxc4 6. Qxc4 O-O 7. e4 Nc6 8. Bf4 Nd7 9. Rd1 Nb6 10. Qc5 Bg4 11. Nb5 Rc8 12. Be2 Bxf3 13. Bxf3 a6 14. d5 Ne5 15. Bxe5 Bxe5 16. Nd4 Qd6 1/2-1/2

[Event "Troll Masters"]
[Site "Gausdal"]
[Date "2002.01.11"]
[Round "9"]
[White "Johansen, Terje"]
[Black "Kahn, Michel"]
[Result "1-0"]
[WhiteElo "2239"]
[BlackElo "2167"]
[PlyCount "61"]
[EventDate "2002.01.04"]
[Source "ChessBase"]
[SourceDate "2002.03.14"]

1. d4 Nf6 2. c4 g6 3. Nc3 d5 4. Nf3 Bg7 5. Qb3 dxc4 6. Qxc4 O-O 7. e4 Nc6 8. Be2 Nd7 9. Be3 Nb6 10. Qd3 Na5 11. Rd1 Nac4 12. Bc1 f5 13. e5 f4 14. Qc2 Bf5 15. Qb3 e6 16. Bxc4 Nxc4 17. Qxc4 Bh6 18. d5 Kh8 19. dxe6 Qe8 20. O-O g5 21. Nd4 f3 22. Nxf3 Bxe6 23. Qa4 b5 24. Nxb5 Rxf3 25. gxf3 a6 26. Nc3 Qh5 27. Qe4 Rf8 28. Ne2 Qh3 29. Ng3 Rg8 30. Rd4 Bf8 31. Rd8 1-0

[Event "Corr"]
[Site "?"]
[Date "2000.12.19"]
[Round "?"]
[White "Pahlen Hans"]
[Black "Dimitrijeski Boris"]
[Result "1/2-1/2"]
[WhiteElo "2202"]
[BlackElo "2194"]
[PlyCount "27"]
[EventDate "2000.??.??"]
[Source "www.chesslib.no"]
[SourceDate "2004.05.04"]

1. d4 Nf6 2. c4 g6 3. Nc3 d5 4. Nf3 Bg7 5. Qb3 dxc4 6. Qxc4 O-O 7. e4 Nc6 8. Be2 Nd7 9. Be3 Nb6 10. Qc5 Nd7 11. Qc4 Nb6 12. Qc5 Nd7 13. Qc4 Nb6 14. Qc5 1/2-1/2

[Event "Sofia BUL"]
[Site "?"]
[Date "2006.05.11"]
[Round "1"]
[White "Dimitrov Vladimir"]
[Black "Nikolov Savko"]
[Result "1-0"]
[WhiteElo "2434"]
[BlackElo "1956"]
[PlyCount "65"]
[EventDate "2006.??.??"]
[Source "www.chesslib.no"]
[SourceDate "2004.05.04"]

1. d4 Nf6 2. c4 g6 3. Nc3 d5 4. Nf3 Bg7 5. Qb3 dxc4 6. Qxc4 O-O 7. e4 Nc6 8. Bg5 Bg4 9. O-O-O h6 10. Be3 Nd7 11. h3 Bxf3 12. gxf3 Nb6 13. Qc5 a6 14. f4 Qd6 15. e5 Qd7 16. d5 Nd8 17. h4 Na4 18. Nxa4 Qxa4 19. a3 e6 20. Rd4 Qd7 21. Bh3 f5 22. Bg2 Kh7 23. Kb1 Rc8 24. Rhd1 b6 25. Qc2 Nf7 26. h5 exd5 27. hxg6+ Kxg6 28. Bxd5 Nd6 29. exd6 Bxd4 30. Bxd4 cxd6 31. Qe2 Rce8 32. Rg1+ Kh7 33. Qh5 1-0

[Event "La Pineda"]
[Site "?"]
[Date "2004.11.05"]
[Round "2.2"]
[White "Iordache Traian"]
[Black "Enjuto Velasco Roberto"]
[Result "0-1"]
[WhiteElo "2146"]
[BlackElo "2164"]
[PlyCount "130"]
[EventDate "2004.??.??"]
[Source "www.chesslib.no"]
[SourceDate "2004.05.04"]

1. d4 Nf6 2. Nf3 g6 3. c4 Bg7 4. Nc3 d5 5. Qb3 dxc4 6. Qxc4 O-O 7. e4 Nc6 8. Be2 Nd7 9. Be3 Nb6 10. Qc5 Bg4 11. Rd1 Qd6 12. h3 Bxf3 13. gxf3 Rad8 14. e5 Qxc5 15. dxc5 Nd7 16. f4 a6 17. Bf3 Ndb8 18. Ke2 Rxd1 19. Rxd1 e6 20. Bxc6 Nxc6 21. Rd7 Rc8 22. Ne4 h6 23. h4 Kf8 24. a3 Ke8 25. Rd3 Rd8 26. Rxd8+ Kxd8 27. h5 gxh5 28. Ng3 h4 29. Nh5 Bf8 30. Kf3 Ne7 31. Kg4 Nf5 32. Nf6 Nxe3+ 33. fxe3 Bxc5 34. e4 h3 35. Kxh3 Be3 36. Kg4 Bc1 37. b3 Bxa3 38. f5 Bb2 39. Kf4 Bc1+ 40. Kf3 Bg5 41. Ng4 c5 42. Ke2 Kc7 43. Nf2 Kc6 44. Kd3 Bf4 45. Ke2 Bxe5 46. Ng4 Bf4 47. Kf3 h5 48. Nf6 Be5 49. Nxh5 exf5 50. exf5 Kd5 51. Kg4 b5 52. Kg5 Ke4 53. f6 c4 54. bxc4 bxc4 55. Kh6 c3 56. Kg7 c2 57. Kxf7 c1=Q 58. Ng7 Qc6 59. Ne8 Qd7+ 60. Kf8 Bd6+ 61. Nxd6+ Qxd6+ 62. Kg7 Qe5 63. Kg6 Qf5+ 64. Kg7 Qg5+ 65. Kf7 Kf5 0-1

[Event "Politiken Cup"]
[Site "?"]
[Date "2000.07.25"]
[Round "8"]
[White "Fant Goran"]
[Black "Heinola Vesa"]
[Result "0-1"]
[WhiteElo "2062"]
[BlackElo "2227"]
[PlyCount "90"]
[EventDate "2000.??.??"]
[Source "www.chesslib.no"]
[SourceDate "2004.05.04"]

1. d4 Nf6 2. Nf3 g6 3. c4 Bg7 4. Nc3 d5 5. Qb3 dxc4 6. Qxc4 O-O 7. e4 Nc6 8. Bf4 Nh5 9. Be3 Bg4 10. Rd1 Bxf3 11. gxf3 e6 12. Ne2 Qe7 13. a3 Rfd8 14. Bg2 Kh8 15. b4 a6 16. O-O Rd7 17. f4 Qh4 18. Qc1 Nf6 19. f3 Qh5 20. f5 gxf5 21. Ng3 Qg6 22. exf5 exf5 23. Bh3 Rd5 24. Kh1 f4 25. Bxf4 Nh5 26. Nxh5 Qxh5 27. Bg4 Qh4 28. Bg3 Qf6 29. Bxc7 h5 30. Bh3 Rxd4 31. Qc5 Qh4 32. Bf5 Re8 33. Bg3 Qg5 34. f4 Qh6 35. h4 Rg8 36. Bh2 Qf6 37. Bc2 Qh6 38. Qf5 Ne7 39. Qxf7 Qc6+ 40. Kg1 Qxc2 41. Bg3 Qe2 42. Rde1 Qg4 43. Kh1 Rd2 44. Rf2 Rxf2 45. Bxf2 Qh3+ 0-1